000 00655nam a2200181 4500
001 127976
003 ES-MaACL
005 20251003063124.0
007 t|
008 070214s1944 sp r ||||1| spa d
100 1 _aRíos, Sixto,
_d1913-2008
_997375
245 1 3 _aLa prolongación analítica de la integral de Dirchlet-Stieltjes /
_cSixto Ríos.
260 _aMadrid :
_bConsejo Superior de Investigaciones Científicas. Patronato `Alfonso el Sabio`. Instituto Jorge Juan,
_c1944.
300 _a92 p. ;
_c24 cm.
710 2 _aPatronato Alfonso el Sabio (Madrid)
_9198500
852 _aES-MaACL
_j1852-F-10
_bR.21454
999 _c127976
_d127976